| 000 | 00646nam a2200169 i 4500 | ||
|---|---|---|---|
| 001 | bg | ||
| 100 | 1 | _aSZARRAS, Henryk | |
| 245 | 1 | 0 |
_aProblemy brytyjskiego szkolnictwa wyższego w latach osiemdziesiątych / _cHenryk Szarras ; Ministerstwo Edukacji Narodowej. Instytut Polityki Naukowej i Szkolnictwa Wyższego. |
| 260 |
_aWarszawa ; _aŁódź : _bPWN, _c1989. |
||
| 650 | 9 |
_aSzkolnictwo wyższe _zWielka Brytania _yod 1980 r. |
|
| 710 | 0 |
_aMinisterstwo Edukacji Narodowej _bInstytut Polityki Naukowej i Szkolnictwa Wyższego |
|
| 040 | _cBPK | ||
| 041 | 0 | _apol | |
| 080 | _a378(41) | ||
| 942 | _cKS | ||
| 008 | s pl f |000 0 pol | ||
| 999 |
_c35522 _d35522 |
||
| 856 |
_uhttp://koha.tu.koszalin.pl/cgi-bin/koha/opac-detail.pl?biblionumber=35522 _yKatalog online BPK |
||